Zeugnis einer inhaftierten Frau - Erfahrungen aus Haftzeiten in Belgien, Frankreich und Luxemburg

Gespeichert in:  
Bibliographische Detailangaben
1. VerfasserIn: R. F., R. F. (Verfasst von)
Medienart: Druck Aufsatz
Sprache:Deutsch
Veröffentlicht: 2003
In: Frauenstrafvollzug
Jahr: 2003, Seiten: 63-65
Verfügbarkeit prüfen: HBZ Gateway
Schlagwörter:

MARC

LEADER 00000caa a22000002c 4500
001 1525809628
003 DE-627
005 20220604104612.0
007 tu
008 160223s2003 xx ||||| 00| ||ger c
020 |a 3933837162 
035 |a (DE-627)1525809628 
035 |a (DE-576)455809623 
035 |a (DE-599)BSZ455809623 
040 |a DE-627  |b ger  |c DE-627  |e rakwb 
041 |a ger 
100 1 |a R. F., R. F.  |4 aut 
245 1 0 |a Zeugnis einer inhaftierten Frau - Erfahrungen aus Haftzeiten in Belgien, Frankreich und Luxemburg  |c  R. F. 
264 1 |c 2003 
336 |a Text  |b txt  |2 rdacontent 
337 |a ohne Hilfsmittel zu benutzen  |b n  |2 rdamedia 
338 |a Band  |b nc  |2 rdacarrier 
773 0 8 |i In  |t Frauenstrafvollzug  |d Weimar : Dadder, 2003  |g (2003), Seite 63-65  |h 97 S.  |w (DE-627)1174520639  |w (DE-576)104520639  |z 3933837162  |7 nnam 
773 1 8 |g year:2003  |g pages:63-65 
935 |a mkri 
951 |a AR 
ELC |b 1 
LOK |0 000 xxxxxcx a22 zn 4500 
LOK |0 001 2899263420 
LOK |0 003 DE-627 
LOK |0 004 1525809628 
LOK |0 005 20260203132322 
LOK |0 008 160208||||||||||||||||ger||||||| 
LOK |0 040   |a DE-21-110  |c DE-627  |d DE-21-110 
LOK |0 689   |a s  |a Hafterfahrung 
LOK |0 689   |a s  |a Frauen 
LOK |0 689   |a g  |a Europa 
LOK |0 852   |a DE-21-110 
LOK |0 852 1  |m p  |9 00 
LOK |0 935   |a k110 
LOK |0 938   |k p 
LOK |0 939   |a 08-02-16  |b l01 
ORI |a SA-MARC-krimdoka001.raw